000
00302nam a2200121Ia 4500
008
190216s9999||||xx |||||||||||||| ||und||
100
_a
Peter Atkins & Julio Depaula
245
0
_a
Physical Chemistry
260
_b
Oxford University Press
_c
2002
300
_a
1063
650
_a
Chemistry
942
_c
BK
999
_c
3344
_d
3344